Dramaturgia latinoamericana: Dominicana / Carlos Burgos Acosta [et-al] (Registro nro. 11166)

Detalles MARC
000 -LEADER
fixed length control field 00508nam a22001811a 4500
001 - CONTROL NUMBER
control field 11166
003 - CONTROL NUMBER IDENTIFIER
control field OSt
005 - DATE AND TIME OF LATEST TRANSACTION
control field 20260204212230.0
008 - FIXED-LENGTH DATA ELEMENTS--GENERAL INFORMATION
fixed length control field 111123s2010||||dr ||||||b||||||||||spa||
020 ## - NUMERO DE LIBRO INTERNACIONAL NORMALIZADO
International Standard Book Number 9789945403183
050 ## - LIBRARY OF CONGRESS CALL NUMBER
Classification number RD 862.5 D76l
245 ## - TÍTULO PROPIAMENTE DICHO: SUBTÍTULO
Title Dramaturgia latinoamericana: Dominicana / Carlos Burgos Acosta [et-al]
264 ## - PRODUCTION, PUBLICATION, DISTRIBUTION, MANUFACTURE, AND COPYRIGHT NOTICE
Place of production, publication, distribution, manufacture Santo Domingo : Sociedarte
300 ## - PHYSICAL DESCRIPTION
Extensión 201 p
650 ## - ASIENTO SECUNDARIO DE MATERIA -- TERMINO TEMÁTICO
Termino Temático Como Elemento de Entrada Teatro - República Dominicana 2.Dramaturgia
700 ## - ASIENTO SECUNDARIO -- NOMBRE PERSONAL
Personal name Burgos Acosta, CarlosÌ
942 ## - ADDED ENTRY ELEMENTS (KOHA)
Source of classification or shelving scheme Dewey Decimal Classification
Koha item type Libros
Existencias
Withdrawn status Lost status Source of classification or shelving scheme Damaged status Not for loan Current library Date acquired Total Checkouts Full call number Barcode Date last seen Price effective from Koha item type
    Dewey Decimal Classification     Biblioteca UTECO 09/09/2019   RD 862.5 D76L 015755 09/09/2019 09/09/2019 Libros
    Dewey Decimal Classification     Biblioteca UTECO 09/09/2019   RD 862.5 D76L 015756 09/09/2019 09/09/2019 Libros
    Dewey Decimal Classification     Biblioteca UTECO 09/09/2019   RD 862.5 D76L 015757 09/09/2019 09/09/2019 Libros
© 2021 Derechos Reservados UTECO - Teléfono: +1 809-585-2291 - Correo electrónico: biblioteca@uteco.edu.do​  
Código postal 43000 ​​
Dirección: Avenida Universitaria No. 100, 
Cotuí, Provincia Sánchez Ramírez, República Dominicana - RNC: 404-00059-6